| 000 | 00757nas a2200229 4500 | ||
|---|---|---|---|
| 001 | BR8600181 | ||
| 003 | BR-BrBNA | ||
| 005 | 20231205090312.0 | ||
| 007 | ta | ||
| 008 | 230509b bl.|||p| |||| 00| 00por d | ||
| 040 |
_aBR-BrBNA _bpor _cBiblioteca Nacional de Agricultura |
||
| 041 | _a(Pt) | ||
| 072 | _aQ60 | ||
| 100 | 1 | _aDonalisio, M.G.R. | |
| 245 | 1 | _aDeterminacoes preliminares do teor de oleo essencial em camomila cultivada no Brasil | |
| 246 | 1 | _aPreliminary determination of essential oil contents in camomile growing in Brazil | |
| 650 | _aCAMOMILA | ||
| 650 | _aOLEO ESSENCIAL | ||
| 773 | 0 |
_tBragantia (Brazil) _xISSN 0006-8705 _g(1985), v. 44(1) p. 407-410 _wBR8600181 |
|
| 909 |
_a202311 _bLúcia _c55 _dLúcia Elande |
||
| 942 |
_2AGRIS _n0 _cANA |
||
| 999 |
_c117476 _d117476 |
||